[Event "Berlin op 08"]
[Site "Berlin"]
[Date "2002.08.23"]
[Round "7"]
[White "Lutter, Bert"]
[Black "Koenig, Frank"]
[Result "0-1"]
[WhiteElo "1738"]
[BlackElo "1988"]
[PlyCount "96"]
[EventDate "2002.08.17"]
[EventType "swiss"]
[EventRounds "9"]
[EventCountry "GER"]
[SourceTitle "EXT 2007"]
[Source "ChessBase"]
[SourceDate "2006.11.23"]
[SourceVersion "1"]
[SourceVersionDate "2006.11.23"]
[SourceQuality "1"]

1. e4 c5 2. Nf3 Nc6 3. c3 e5 4. Bc4 Qc7 5. d3 g6 6. 0-0 Bg7 7. Ng5 Nd8 8. f4 h6 9. Nxf7 Nxf7 10. Qb3 d5 11. Bxd5 Nf6 12. Bxf7+ Qxf7 13. Qxf7+ Kxf7 14. fxe5 Ke7 15. exf6+ Bxf6 16. Be3 b6 17. d4 cxd4 18. Bxd4 Rf8 19. Nd2 Ba6 20. Bxf6+ Rxf6 21. Rxf6 Kxf6 22. Kf2 Rd8 23. Nf3 Bb7 24. Re1 Ke6 25. Re2 g5 26. g4 Rd3 27. Nd4+ Ke5 28. Nf5 Kf4 29. e5 Bf3 30. Re1 Bxg4 31. Nd6 Rd2+ 32. Kg1 Be6 33. Rf1+ Kxe5 34. Nf7+ Kd5 35. Nd8 Bh3 36. Rf7 Rg2+ 37. Kh1 Rxb2 38. Kg1 Rg2+ 39. Kf1 Rxh2+ 40. Kg1 Rg2+ 41. Kh1 Rxa2 42. Rh7 Ke4 43. Rxh6 g4 44. Nc6 Kf4 45. Nd4 Ke3 46. Ne6 Bg2+ 47. Kg1 Bd5 48. Rf6 g3 0-1

[Event "Berlin op 08"]
[Site "Berlin"]
[Date "2002.08.21"]
[Round "5"]
[White "Lutter, Bert"]
[Black "Schueler, Wolfgang"]
[Result "1-0"]
[WhiteElo "1738"]
[BlackElo "1968"]
[PlyCount "43"]
[EventDate "2002.08.17"]
[EventType "swiss"]
[EventRounds "9"]
[EventCountry "GER"]
[SourceTitle "EXT 2007"]
[Source "ChessBase"]
[SourceDate "2006.11.23"]
[SourceVersion "1"]
[SourceVersionDate "2006.11.23"]
[SourceQuality "1"]

1. e4 e5 2. Nf3 Nf6 3. c3 Nc6 4. d4 exd4 5. e5 Ne4 6. cxd4 d5 7. a3 Be7 8. Bd3 Ng5 9. Be3 Nxf3+ 10. Qxf3 Be6 11. 0-0 g6 12. Nc3 Bf8 13. b4 Bg7 14. Qg3 0-0 15. Rac1 a6 16. Na4 Ne7 17. Bg5 c6 18. Qh4 Re8 19. f4 Qc7 20. g4 Bc8 21. f5 gxf5 22. gxf5 1-0

[Event "Berlin op 08"]
[Site "Berlin"]
[Date "2002.08.20"]
[Round "4"]
[White "Schlufter, Juerk"]
[Black "Lutter, Bert"]
[Result "1-0"]
[WhiteElo "1986"]
[BlackElo "1738"]
[PlyCount "67"]
[EventDate "2002.08.17"]
[EventType "swiss"]
[EventRounds "9"]
[EventCountry "GER"]
[SourceTitle "EXT 2007"]
[Source "ChessBase"]
[SourceDate "2006.11.23"]
[SourceVersion "1"]
[SourceVersionDate "2006.11.23"]
[SourceQuality "1"]

1. d4 d5 2. c4 e6 3. cxd5 exd5 4. Nc3 c6 5. Nf3 Bf5 6. e3 Nf6 7. Bd3 Bg4 8. h3 Bh5 9. Be2 Bd6 10. Qc2 Nbd7 11. Bd2 Qe7 12. Bd3 Bg6 13. Nh4 Bxd3 14. Qxd3 Ne4 15. Nf5 Qf6 16. Nxe4 dxe4 17. Qxe4+ Kd8 18. Nxd6 Qxd6 19. 0-0 Re8 20. Qc2 Re6 21. Rfd1 Nf6 22. Qb3 Qd7 23. Bb4 Nd5 24. Rac1 Rg6 25. Kf1 Qf5 26. Bd2 Qg4 27. Qxb7 Qxg2+ 28. Ke2 Nf4+ 29. exf4 Re6+ 30. Be3 Rc8 31. d5 Rd6 32. dxc6 Qg6 33. Rxd6+ Qxd6 34. Rd1 1-0